| 000 | 00705cam a2200241 4500 | ||
|---|---|---|---|
| 001 | B161 | ||
| 008 | 090401t1986 xxu||||| |||| 00| 0 eng d | ||
| 035 | _a(Sirsi) u33902 | ||
| 041 | _aeng | ||
| 050 | _a690.072 | ||
| 245 | _aInternational directory of building research , information and development organizations | ||
| 250 | _a5th ed. | ||
| 260 |
_aLondon _bE.and F.N.Spon Ltd _c1986 |
||
| 300 | _avii,300p. ; 30cm. | ||
| 350 | _a39.5 | ||
| 650 | _aDIRECTORIES | ||
| 650 | _aRESEARCH | ||
| 700 |
_aPollington, C.E. _xEditor |
||
| 700 |
_aSebestyen, Gyula _xEditor |
||
| 710 |
_aInternational Council for Building Research Studies and Documentation _91423 |
||
| 942 | _n0 | ||
| 948 | _c04/03/1997 | ||
| 999 |
_c89872 _d89872 |
||